000 00473nam a2200145Ia 4500
008 151213s9999 xx 000 0 und d
100 _aআহমদ শরীফ।
245 _aবাঙালী ও বাংলা সাহিত্য।
_cআহমদ শরীফ।
250 _a১ম সং
260 _aঢাকা
_bবর্ণ মিছিল।
_c1978
300 _a4543 p.
650 _aBangla
700 _aআহমদ শরীফ।
999 _c2917
_d2917